000 01837cam a2200409 i 4500
001 20628220
003 BJBSDDR
005 20260420121120.0
007 ta
008 180813s2018 nyua b 001 0 eng
010 _a 2018036090
020 _a9781523504459
_qalk. paper
035 _a20628220
040 _aDLC
_beng
_cDLC
_erda
041 _aeng
042 _apcc
043 _an-us---
050 0 0 _aZ1035
_bM991 2018
082 0 0 _a028/.9
_223
100 5 _aMustich, James
_948007
245 1 0 _a1,000 books to read :
_ba life-changing list before you die /
_cJames Mustich ; with Margot Greenbaum Mustich, Thomas Meagher, and Karen Templer.
246 3 _aOne thousand books to read
260 _aNew York :
_b Workman Publishing ;
_c2018 .
264 1 _aNew York :
_bWorkman Publishing,
_c[2018]
300 _axii, 948 pages :
_bcolor illustrations ;
_c25 cm.
336 _atext
_btxt
_2rdacontent
337 _aunmediated
_bn
_2rdamedia
338 _avolume
_bnc
_2rdacarrier
500 _aIncludes indexes.
520 _aEncompassing fiction, poetry, science and science fiction, memoir, travel writing, biography, children's books, history, and more, 1,000 Books to Read Before You Die moves across cultures and through time to present an eclectic collection of titles, each described with the special enthusiasm readers summon when recommending a book to a friend
650 0 _aBest books.
650 0 _aBooks and reading
_zUnited States.
906 _a7
_bcbc
_corignew
_d1
_eecip
_f20
_gy-gencatlg
942 _2lcc
_n0
_cBK
946 _isba
999 _c126847
_d126847